Bonhommes de neige de fiction en images - Statistiques

Statistiques générales
  • Ce quiz a été pris 356 fois
  • Le résultat moyen est 4 sur 16
Statistiques - réponses
Par images Réponse % Correct
La Reine des Neiges
97%
Minecraft
88%
L'Étrange Noël de monsieur Jack
47%
Animal Crossing
40%
The Office
33%
Doctor Who
26%
Hogwarts Legacy
25%
Cuphead
14%
Fortnite
13%
Les Simpson
12%
Bouli
11%
Red One
8%
One Piece
6%
Jack Frost
4%
Borderlands 2
3%
Le Bonhomme de neige
2%
Aucun quiz correspondant
Distribution des résultats
% des personnes avec chaque résultat
Percentile par nombre de réponses
Votre historique - résultats
Vous n’avez pas pris ce quiz